| 000 | 00420nam a22001817a 4500 | ||
|---|---|---|---|
| 003 | MPLRDC | ||
| 005 | 20220104114647.0 | ||
| 008 | 210129b ||||| |||| 00| 0 eng d | ||
| 020 | _a962-22-0071-0 | ||
| 082 | _a290.7 ZWY | ||
| 100 | _a紫微杨 | ||
| 245 |
_a天纲搜奇录 _c |
||
| 260 |
_a _b明窗出版社 _c1990 |
||
| 300 | _b平 | ||
| 490 | _a知识系列 | ||
| 650 | _a术数总论 | ||
| 942 |
_cBK _o290.7 ZWY |
||
| 999 |
_c9223 _d9213 |
||